Practical electron microscopy for biologists /

Guardado en:
Autor Principal: Meek, Geoffrey A.
Formato: Libro
Idioma:English
Publicado: London : Wiley, c1976.
Edición:2nd ed.
Materias:
Etiquetas: Agregar Etiqueta
Sin Etiquetas, Sea el primero en etiquetar este registro!
LEADER 00769cam a22002415a 4500
001 EIQ.libpla004003
008 750213s1976####enka#####b####001#0#eng##
005 20080424183213.0
245 1 0 |a Practical electron microscopy for biologists /  |c Geoffrey A. Meek. 
250 |a 2nd ed. 
260 |a London :  |b Wiley,  |c c1976. 
300 |a xix, 528 p. :  |b il. ;  |c 24 cm. 
500 |a "A Wiley-Interscience Publication." 
504 |a Bibliografía: p. 506-511. 
500 |a Incluye índice. 
020 |a 0471590312 
100 1 |a Meek, Geoffrey A. 
082 0 0 |a 578/.4/5 
650 4 |a Microscopía electrónica  |x Técnica. 
650 0 |a Electron microscopy  |x Technique. 
010 |a  75004955  
040 |a DLC  |c DLC  |d AR-BbSID 
859 |a AR-BbSID  |b BIB. PLAPIQUI  |h 578.45  |i M 471  |p 2398